[Event "AUTO-ADV-1465"]
[Site "http://www.queenalice.com/game.php?id=648364"]
[Date "2009.9.6"]
[Round "1"]
[White "Linea"]
[Black "altair"]
[Result "1-0"]
[WhiteElo "1769"]
[BlackElo "1694"]

1. Nf3 d6 2. d4 d5 3. c4 e6 4. Nc3 Nf6 5. e3 Bb4 6. a3 Bxc3+ 7. bxc3 Nbd7 8. a4
b6 9. Ba3 c5 10. Nd2 h6 11. Qf3 Bb7 12. Bd3 Rb8 13. Qg3 O-O 14. O-O Ba6 15. f4
dxc4 16. Nxc4 Nd5 17. Qe1 Rc8 18. e4 N5f6 19. Qe2 Bxc4 20. Bxc4 Re8 21. Bb5 Qc7
22. dxc5 Red8 23. cxb6 Qxb6+ 24. Kh1 Nc5 25. Bxc5 Qxc5 26. Rf3 Ng4 27. e5 Rd5
28. c4 Rd4 29. h3 Nxe5 30. fxe5 Rcd8 31. Qe3 Qc8 32. Raf1 a6 33. Be8 Rd3 34.
Bxf7+ Kh8 35. Qe4 Rxf3 36. Rxf3 Qd7 37. Qg6 Qc7 38. Be8 Qe7 39. Rf7 Qg5 40. Rf8#
1-0

[Event "AUTO-ADV-1465"]
[Site "http://www.queenalice.com/game.php?id=648365"]
[Date "2009.9.6"]
[Round "1"]
[White "altair"]
[Black "Linea"]
[Result "0-1"]
[WhiteElo "1689"]
[BlackElo "1782"]

1. e4 c5 2. Nf3 d6 3. Bc4 Nf6 4. d3 Nc6 5. Ng5 e6 6. Nc3 Be7 7. Bf4 Nd7 8. Qh5
g6 9. Qh6 Bf8 10. Qh3 a6 11. Qg3 Nde5 12. Nf3 Nxf3+ 13. Qxf3 Nd4 14. Qd1 b5 15.
Bb3 Bg7 16. a3 Nxb3 17. cxb3 Bb7 18. O-O b4 19. Na4 a5 20. Re1 e5 21. Bg3 Bh6
22. Rf1 Bc8 23. f4 exf4 24. Bxf4 Bg7 25. Qf3 Be6 26. Rad1 Bxb3 27. Rd2 Bd4+ 28.
Be3 Bxe3+ 29. Qxe3 O-O 30. Rf3 Bxa4 31. Rh3 Bd7 32. Rh6 Qf6 33. Rf2 Qd4 34. Qg3
Ra7 35. Qh4 Qg7 36. Qg5 f5 37. Rf4 Qf6 38. Qg3 Qxb2 39. Qh4 Be6 40. Rxh7 Rxh7
41. Qg5 Qf6 42. Qg3 b3 43. Rf1 b2 44. Qf2 Qd4 45. Rb1 Qxf2+ 46. Kxf2 Rb8 47. Ke2
Ba2 48. Rd1 b1=Q 49. Rxb1 Bxb1 50. exf5 Rxh2 0-1

[Event "AUTO-ADV-1833"]
[Site "http://www.queenalice.com/game.php?id=803612"]
[Date "2010.7.15"]
[Round "1"]
[White "Linea"]
[Black "Blutigeroo"]
[Result "1-0"]
[WhiteElo "1853"]
[BlackElo "1941"]

1. e4 c5 2. Nf3 Nc6 3. Nc3 a6 4. d4 cxd4 5. Nxd4 e6 6. Be2 Bd6 7. Nf5 Be5 8.
Nd6+ Bxd6 9. Qxd6 Nge7 10. Bf4 O-O 11. O-O b5 12. b4 Ra7 13. a4 Ng6 14. Be3 Rb7
15. axb5 axb5 16. Nxb5 Qe7 17. c3 Re8 18. f4 f6 19. Qxe7 Rxe7 20. Nd6 Rb8 21.
Bc5 f5 22. e5 Rf7 23. Nxf7 Kxf7 24. g3 Nge7 25. b5 Nd8 26. Bd6 Rb7 27. Ra8 1-0

[Event "AUTO-ADV-1833"]
[Site "http://www.queenalice.com/game.php?id=803613"]
[Date "2010.7.15"]
[Round "1"]
[White "Blutigeroo"]
[Black "Linea"]
[Result "0-1"]
[WhiteElo "1932"]
[BlackElo "1873"]

1. f4 d5 2. Nf3 g6 3. e3 c5 4. Be2 Bg7 5. O-O Nc6 6. d3 e6 7. b3 Bxa1 8. c3 d4
9. Bd2 Bxc3 10. Nxc3 dxc3 11. Bxc3 f6 12. d4 Nge7 13. dxc5 Nd5 14. Bb2 Nxe3 15.
Qxd8+ Nxd8 16. Rc1 Nd5 17. Rd1 Nc6 18. Bc4 O-O 19. Bxd5 exd5 20. Rxd5 Be6 21.
Rd6 Kf7 22. h3 h5 23. Nd2 Ke7 24. Ne4 Nb4 25. a3 Nd5 26. Bc1 Rfd8 27. h4 f5 28.
Ng5 Rxd6 29. cxd6+ Kxd6 30. g3 b5 0-1

[Event "AUTO-ADV-1833"]
[Site "http://www.queenalice.com/game.php?id=803616"]
[Date "2010.7.15"]
[Round "1"]
[White "Linea"]
[Black "FOS2006"]
[Result "1-0"]
[WhiteElo "1821"]
[BlackElo "1847"]

1. d4 c6 2. c4 Nf6 3. Nf3 d6 4. Nc3 h6 5. e4 e6 6. Be2 Be7 7. O-O Kf8 8. e5 dxe5
9. dxe5 Nfd7 10. Ne4 Nc5 11. Qxd8+ Bxd8 12. Nxc5 Be7 13. Be3 b6 14. Ne4 Nd7 15.
Nd6 c5 16. Rfd1 Bxd6 17. exd6 Bb7 18. a3 a5 19. b4 a4 20. bxc5 bxc5 21. Rab1 Be4
22. Rb2 g5 23. Ne1 Bc6 24. Nd3 Be4 25. Nxc5 Nxc5 26. Bxc5 Kg7 27. d7 Kg6 28. Bd3
Bxd3 29. Rxd3 e5 30. Bb6 Kf5 31. d8=Q Raxd8 32. Rxd8 Rxd8 33. Bxd8 Ke6 34. Rd2
f5 35. c5 e4 36. c6 f4 37. c7 Kf7 38. Rd6 Ke8 39. c8=Q Kf8 40. Rd7 Ke8 41. Bf6#
1-0

[Event "AUTO-ADV-1833"]
[Site "http://www.queenalice.com/game.php?id=803617"]
[Date "2010.7.15"]
[Round "1"]
[White "FOS2006"]
[Black "Linea"]
[Result "0-1"]
[WhiteElo "1805"]
[BlackElo "1838"]

1. e4 c5 2. Nf3 d6 3. Bc4 Nc6 4. Ng5 e6 5. Nf3 g6 6. a3 Bg7 7. O-O Nf6 8. d3 Nd7
9. Bb5 Qb6 10. Bxc6 bxc6 11. Ra2 O-O 12. Nc3 Bb7 13. a4 a5 14. Be3 Ba6 15. Qc1
d5 16. exd5 exd5 17. Bh6 Rfe8 18. Bxg7 Kxg7 19. Ng5 Qb4 20. Nf3 Ne5 21. Nxe5
Rxe5 22. Nb1 Rae8 23. c3 Qg4 24. c4 dxc4 25. dxc4 Bxc4 26. h3 Qe6 27. Ra3 Bxf1
28. Qc3 Kg8 29. Nd2 Be2 30. Nf3 Bxf3 31. Qxf3 Re1+ 32. Kh2 Qe5+ 33. g3 Qd5 34.
Qxd5 cxd5 35. Rb3 R1e4 36. Rb5 Rxa4 37. Rxc5 Re2 38. Rxd5 Rxf2+ 39. Kg1 Rxb2 40.
Rd1 Rab4 41. Ra1 Rb1+ 42. Rxb1 Rxb1+ 43. Kh2 Rb2+ 44. Kh1 a4 45. g4 a3 46. Kg1
a2 47. Kh1 a1=R# 0-1

[Event "Challenge"]
[Site "http://www.queenalice.com/game.php?id=1045290"]
[Date "2012.4.3"]
[Round "-"]
[White "alexferreira"]
[Black "Linea"]
[Result "1-0"]
[WhiteElo "1894"]
[BlackElo "1834"]

1. d4 d5 2. g3 Bf5 3. Bg2 Nf6 4. Nf3 e6 5. Bg5 Be7 6. O-O O-O 7. c3 Nbd7 8. Nbd2
h6 9. Bxf6 Bxf6 10. Nb3 b6 11. Nfd2 c6 12. e4 Bh7 13. exd5 cxd5 14. Nc1 b5 15.
Ndb3 Qc7 16. Nd3 Be7 17. Ne1 Rab8 18. Nd3 a5 19. Nf4 1-0

[Event "Challenge"]
[Site "http://www.queenalice.com/game.php?id=1045301"]
[Date "2012.4.3"]
[Round "-"]
[White "Linea"]
[Black "alexferreira"]
[Result "0-1"]
[WhiteElo "1849"]
[BlackElo "1879"]

1. e4 d5 2. exd5 Qxd5 3. Nc3 Qe6+ 4. Qe2 Qxe2+ 5. Bxe2 c6 6. d4 g6 7. f4 Bg7 8.
Nf3 Nf6 9. h3 O-O 10. g4 Nbd7 11. Be3 Nb6 12. O-O-O Nbd5 13. Nxd5 Nxd5 14. Bd2
Bd7 15. Ne5 Bxe5 16. dxe5 f6 17. Bc4 Kg7 18. Bd3 c5 0-1

[Event "AUTO-ADV-2750"]
[Site "http://www.queenalice.com/game.php?id=1148530"]
[Date "2013.2.3"]
[Round "1"]
[White "talisman77"]
[Black "Linea"]
[Result "0-1"]
[WhiteElo "1813"]
[BlackElo "1850"]

1. d4 d5 2. c4 c6 3. Nf3 Nf6 4. Nc3 e6 5. Bf4 Bd6 6. Bg5 Nbd7 7. Qc2 Qc7 8. c5
Bf4 9. e3 Bxg5 10. Nxg5 b6 11. a4 bxc5 12. dxc5 Qa5 13. Be2 h6 14. Nf3 Ne4 15.
O-O Nexc5 16. e4 Qb4 17. exd5 exd5 18. Rfe1 O-O 19. Bd3 Nxd3 20. Qxd3 Nc5 21.
Qc2 Nb3 22. Rad1 Be6 23. Nd2 d4 24. Nce4 f5 25. Qxc6 Bf7 26. Nf6+ Kh8 27. Nd7
Rfe8 28. Rxe8+ Rxe8 29. Nf3 Re6 30. Qc8+ Be8 31. Nde5 Qe7 32. Re1 Kh7 33. Qc2
Nc5 34. Qxf5+ Bg6 35. Qg4 d3 36. h4 d2 37. Rd1 Rxe5 38. Nxe5 Qxe5 39. Qb4 Ne4
40. Rxd2 Nxd2 41. Qxd2 Be4 42. Qe2 a5 43. Kh1 Bxg2+ 0-1

[Event "AUTO-ADV-2750"]
[Site "http://www.queenalice.com/game.php?id=1148531"]
[Date "2013.2.3"]
[Round "1"]
[White "Linea"]
[Black "talisman77"]
[Result "1-0"]
[WhiteElo "1836"]
[BlackElo "1792"]

1. Nf3 d6 2. d4 Nf6 3. c4 e6 4. Nc3 Be7 5. g3 O-O 6. Bg2 c6 7. O-O d5 8. b3 dxc4
9. bxc4 Na6 10. Ne5 Nc7 11. Rb1 Nd7 12. Nxd7 Bxd7 13. Rxb7 Bc8 14. Rb1 Bd7 15.
Bf4 c5 16. Bxa8 Nxa8 17. dxc5 Bxc5 18. Bd6 Bxd6 19. Qxd6 Qc8 20. Rfd1 Bc6 21.
Rb2 Nb6 22. Qc5 Bb7 23. Qxc8 Rxc8 24. c5 h6 25. cxb6 a6 26. Rd7 Rb8 27. Rxb7
Rxb7 28. Ne4 Kh7 29. Nc5 Rb8 30. b7 Rd8 31. b8=Q Rxb8 32. Rxb8 1-0

[Event "AUTO-ADV-2750"]
[Site "http://www.queenalice.com/game.php?id=1148546"]
[Date "2013.2.3"]
[Round "1"]
[White "lcchaves13"]
[Black "Linea"]
[Result "0-1"]
[WhiteElo "1616"]
[BlackElo "1828"]

1. b3 e5 2. g3 Nc6 3. Bb2 Bc5 4. f4 exf4 5. Bxg7 Qg5 6. Bxh8 fxg3 7. Qc1 Bf2+ 8.
Kd1 g2 9. Nh3 gxh1=Q 10. c3 Qxf1+ 11. Kc2 Qf5+ 12. d3 Qxc1+ 13. Kxc1 Qxh3 14.
Nd2 Be3 15. Kc2 Bxd2 16. Kxd2 Qg2 17. d4 d5 18. Kc1 Qxe2 19. Rb1 Bg4 0-1

[Event "AUTO-ADV-2750"]
[Site "http://www.queenalice.com/game.php?id=1148558"]
[Date "2013.2.3"]
[Round "1"]
[White "Linea"]
[Black "king_chess"]
[Result "1-0"]
[WhiteElo "1865"]
[BlackElo "1882"]

1. d4 g6 2. e4 d6 3. Nc3 Nc6 4. Nf3 Nf6 5. Bf4 a6 6. Be2 h6 7. e5 dxe5 8. dxe5
Qxd1+ 9. Rxd1 Nh5 10. Nd5 f5 11. Nxc7+ Kf7 12. Bc4+ Kg7 13. Nxa8 Nxf4 14. g3 Nh5
15. Nb6 Na5 16. Bb3 e6 17. Nxc8 Bb4+ 18. c3 Bc5 19. Rd7+ Kf8 20. Bxe6 Ng7 21.
Rd8+ Ne8 22. Bd7 Be7 23. Rxe8+ 1-0

[Event "AUTO-ADV-2750"]
[Site "http://www.queenalice.com/game.php?id=1148559"]
[Date "2013.2.3"]
[Round "1"]
[White "king_chess"]
[Black "Linea"]
[Result "0-1"]
[WhiteElo "1865"]
[BlackElo "1882"]

1. e4 c5 2. f4 d5 3. exd5 Nf6 4. Bb5+ Bd7 5. Bxd7+ Qxd7 6. c4 b5 7. Qb3 bxc4 8.
Qxc4 Nxd5 9. d3 Nb4 10. Bd2 N8c6 11. Nc3 Nc2+ 12. Kd1 Nxa1 13. Nd5 Rd8 14. Nc3
Qxd3 15. Qxd3 Rxd3 16. Nf3 e6 17. Nb5 Rd7 18. Ne5 Nxe5 19. fxe5 a6 20. Nd6+ Bxd6
21. exd6 Rxd6 22. Kc1 O-O 23. Re1 Rc8 24. Bf4 Rd3 25. Kb1 Rcd8 26. a3 Rd1+ 27.
Rxd1 Rxd1+ 0-1

[Event "AUTO-ADV-2750"]
[Site "http://www.queenalice.com/game.php?id=1191841"]
[Date "2013.6.17"]
[Round "2"]
[White "Linea"]
[Black "vinoseco"]
[Result "1-0"]
[WhiteElo "1878"]
[BlackElo "1608"]

1. c4 e5 2. Nc3 c6 3. Nf3 d6 4. d4 exd4 5. Qxd4 c5 6. Qd1 Nf6 7. b4 cxb4 8. Nb5
d5 9. Bf4 a6 10. Nc7+ Ke7 11. Nxa8 h6 12. Bc7 Qe8 13. cxd5 Kd7 14. Bxb8 Qe4 15.
Nb6+ Kd8 16. Qd4 Qc2 17. Qd2 Qc5 18. Nxc8 Qxc8 19. Be5 Ne4 20. Rc1 Qf5 21. Qc2
Bc5 22. e3 g5 23. Bd3 b3 24. Qxc5 Nxc5 25. Bxf5 Re8 26. Rxc5 h5 27. Bf6+ 1-0

[Event "AUTO-ADV-2750"]
[Site "http://www.queenalice.com/game.php?id=1191842"]
[Date "2013.6.17"]
[Round "2"]
[White "vinoseco"]
[Black "Linea"]
[Result "0-1"]
[WhiteElo "1628"]
[BlackElo "1872"]

1. e4 Nf6 2. e5 Nd5 3. Nf3 Nc6 4. Bc4 Nb6 5. Bb3 d6 6. Ng5 e6 7. Qf3 Qxg5 8.
exd6 Qe5+ 9. Kd1 Nd4 10. Qd3 Bxd6 11. Re1 Qh5+ 12. f3 Nxb3 13. axb3 O-O 14. h3
Bg3 15. Re2 e5 16. Qc3 Nd5 17. Qc5 c6 18. b4 f6 19. b5 Nf4 20. Re4 Nxg2 21. bxc6
Qxf3+ 22. Re2 Qf1+ 23. Re1 Qxe1# 0-1